<?xml version="1.0" encoding="UTF-8"?><marc:collection xmlns:marc="http://www.loc.gov/MARC21/slim">
  <marc:record>
    <marc:leader>00000nam  2200000za 4500</marc:leader>
    <marc:controlfield tag="001">9.841527</marc:controlfield>
    <marc:controlfield tag="003">CaOODSP</marc:controlfield>
    <marc:controlfield tag="005">20250403105951</marc:controlfield>
    <marc:controlfield tag="007">cr |||||||||||</marc:controlfield>
    <marc:controlfield tag="008">170912s2017    oncd    obs  f000 0 fre d</marc:controlfield>
    <marc:datafield tag="020" ind1=" " ind2=" ">
      <marc:subfield code="a">978-0-660-09326-0</marc:subfield>
    </marc:datafield>
    <marc:datafield tag="040" ind1=" " ind2=" ">
      <marc:subfield code="a">CaOODSP</marc:subfield>
      <marc:subfield code="b">fre</marc:subfield>
    </marc:datafield>
    <marc:datafield tag="043" ind1=" " ind2=" ">
      <marc:subfield code="a">n-cn-bc</marc:subfield>
    </marc:datafield>
    <marc:datafield tag="086" ind1="1" ind2=" ">
      <marc:subfield code="a">CS11-621/104F-PDF</marc:subfield>
    </marc:datafield>
    <marc:datafield tag="100" ind1="1" ind2=" ">
      <marc:subfield code="a">Olineck, Carey.</marc:subfield>
    </marc:datafield>
    <marc:datafield tag="245" ind1="1" ind2="0">
      <marc:subfield code="a">Où les Vancouverois sont-ils allés magasiner en 2016? </marc:subfield>
      <marc:subfield code="h">[ressource électronique] : </marc:subfield>
      <marc:subfield code="b">un aperçu des ventes des magasins de détail de Vancouver selon le type de centre commercial / </marc:subfield>
      <marc:subfield code="c">par Carey Olineck.</marc:subfield>
    </marc:datafield>
    <marc:datafield tag="246" ind1="3" ind2="0">
      <marc:subfield code="a">Aperçu des ventes des magasins de détail de Vancouver selon le type de centre commercial</marc:subfield>
    </marc:datafield>
    <marc:datafield tag="260" ind1=" " ind2=" ">
      <marc:subfield code="a">[Ottawa] : </marc:subfield>
      <marc:subfield code="b">Statistique Canada, </marc:subfield>
      <marc:subfield code="c">2017.</marc:subfield>
    </marc:datafield>
    <marc:datafield tag="300" ind1=" " ind2=" ">
      <marc:subfield code="a">11 p. : </marc:subfield>
      <marc:subfield code="b">graph. en coul.</marc:subfield>
    </marc:datafield>
    <marc:datafield tag="490" ind1="1" ind2=" ">
      <marc:subfield code="a">Analyse en bref, </marc:subfield>
      <marc:subfield code="x">1707-0511 ; </marc:subfield>
      <marc:subfield code="v">2017104</marc:subfield>
    </marc:datafield>
    <marc:datafield tag="500" ind1=" " ind2=" ">
      <marc:subfield code="a">Publ. aussi en anglais sous le titre : Where did Vancouverites go to shop in 2016? A snapshot of Vancouver retail store sales by shopping centre type.</marc:subfield>
    </marc:datafield>
    <marc:datafield tag="500" ind1=" " ind2=" ">
      <marc:subfield code="a">Titre de la couv.</marc:subfield>
    </marc:datafield>
    <marc:datafield tag="500" ind1=" " ind2=" ">
      <marc:subfield code="a">« Date de diffusion : le 12 septembre 2017. »</marc:subfield>
    </marc:datafield>
    <marc:datafield tag="504" ind1=" " ind2=" ">
      <marc:subfield code="a">Comprend des références bibliographiques.</marc:subfield>
    </marc:datafield>
    <marc:datafield tag="520" ind1=" " ind2=" ">
      <marc:subfield code="a">« Cette étude examine le rôle des magasins de détail des centres commerciaux dans la région métropolitaine de recensement (RMR) de Vancouver en 2016. Le secteur canadien de la vente au détail a fait l’objet d’une importante transformation au cours de la dernière décennie, compte tenu de l'essor du magasinage en ligne. De nombreux magasins de détail vendant leurs produits en magasin ont adopté une stratégie de distribution à volets multiples, en créant leurs propres sites de commerce électronique, tout en conservant leurs magasins physiques. Dans le cadre de cette stratégie, bon nombre de ces détaillants conservent des points de vente dans les centres commerciaux. De plus, les propriétaires de centre commercial tentent d’accroître le nombre de clients de leurs magasins en réinventant l’expérience de magasinage, en offrant des services de divertissements et un plus grand choix de services alimentaires. Ainsi, les données sur les ventes des magasins de détail des centres commerciaux deviennent de plus en plus importantes pour les promoteurs de ces centres et les planificateurs urbains » -- Fourni par l'éditeur.</marc:subfield>
    </marc:datafield>
    <marc:datafield tag="692" ind1="0" ind2="7">
      <marc:subfield code="2">gccst</marc:subfield>
      <marc:subfield code="a">Commerce de détail</marc:subfield>
    </marc:datafield>
    <marc:datafield tag="692" ind1="0" ind2="7">
      <marc:subfield code="2">gccst</marc:subfield>
      <marc:subfield code="a">Vente</marc:subfield>
    </marc:datafield>
    <marc:datafield tag="692" ind1="0" ind2="7">
      <marc:subfield code="2">gccst</marc:subfield>
      <marc:subfield code="a">Statistiques</marc:subfield>
    </marc:datafield>
    <marc:datafield tag="710" ind1="2" ind2=" ">
      <marc:subfield code="a">Statistique Canada.</marc:subfield>
    </marc:datafield>
    <marc:datafield tag="775" ind1="0" ind2="8">
      <marc:subfield code="t">Where did Vancouverites go to shop in 2016? </marc:subfield>
      <marc:subfield code="w">(CaOODSP)9.841526</marc:subfield>
    </marc:datafield>
    <marc:datafield tag="830" ind1="#" ind2="0">
      <marc:subfield code="a">Analyse en bref (Statistique Canada)</marc:subfield>
      <marc:subfield code="x">1707-0511 ; </marc:subfield>
      <marc:subfield code="v">2017104</marc:subfield>
      <marc:subfield code="w">(CaOODSP)9.501126</marc:subfield>
    </marc:datafield>
    <marc:datafield tag="856" ind1="4" ind2="0">
      <marc:subfield code="q">PDF</marc:subfield>
      <marc:subfield code="s">256 Ko</marc:subfield>
      <marc:subfield code="u">https://publications.gc.ca/collections/collection_2017/statcan/11-621-m/11-621-m2017104-fra.pdf</marc:subfield>
    </marc:datafield>
    <marc:datafield tag="986" ind1=" " ind2=" ">
      <marc:subfield code="a">11-621-m2017104</marc:subfield>
    </marc:datafield>
  </marc:record>
</marc:collection>
